| 000 | 00772nam a2200289Ia 4500 | ||
|---|---|---|---|
| 008 | 160803s9999 xx 000 0 und d | ||
| 020 | _a9781599904351 | ||
| 100 | _aSoup, Cuthbert | ||
| 245 | 2 | _aA whole nother story / | |
| 245 | _cby Cuthbert Soup ; illustrations by Jeffrey Stewart Timmins. | ||
| 260 | _aNew York : | ||
| 260 | _bScholastic Inc. | ||
| 260 | _c2010 | ||
| 300 | _a264 pages : | ||
| 300 | _billustrations ; | ||
| 300 | _c22 cm | ||
| 650 | _aInventions -- | ||
| 650 | _aJuvenile fiction. | ||
| 650 | _aJuvenile fiction. | ||
| 650 | _aJuvenile fiction. | ||
| 650 | _aSpy stories. | ||
| 650 | _xAutomobile travel -- | ||
| 650 | _xFamilies -- | ||
| 650 | _xJuvenile fiction. | ||
| 650 | _xMoving, Household -- | ||
| 700 | _a900 | ||
| 999 |
_c299433 _d299433 |
||